000 00494nam a2200169Ia 4500
008 090711s9999 xx 000 0 und d
082 _b25736
100 _aरेगे रामSांद्र भ.
245 _aरु प तेरा
260 _c1972
300 _a144
600 _aरेगे रामSांद्र भ.
630 _aरु प तेरा
700 _aरेगे रामSांद्र भ.
730 _aरु प तेरा
942 _cBOOK
999 _c298617
_d298617